Statistics for Periodic Table 37-54

Click here to take the quiz!

General Stats

  • This quiz has been taken 630 times
  • The average score is 16 of 18

Answer Stats

ElementSymbol% Correct
YttriumY
99%
RubidiumRb
97%
RutheniumRu
96%
RhodiumRh
95%
StrontiumSr
95%
ZirconiumZr
95%
IodineI
94%
MolybdenumMo
93%
NiobiumNb
93%
TelluriumTe
92%
XenonXe
92%
CadmiumCd
91%
IndiumIn
91%
PalladiumPd
91%
TechnetiumTc
91%
SilverAg
89%
TinSn
80%
AntimonySb
71%

Score Distribution

Percentile by Number Answered

Percent of People with Each Score

Your Score History

You have not taken this quiz